| 000 | 01937nam a22003017a 4500 | ||
|---|---|---|---|
| 005 | 20090511103413.0 | ||
| 008 | 090511t xxu||||| |||| 00| 0 pun d | ||
| 010 | _aB-396003-6007 | ||
| 020 |
_c150.00 _a8171427804 |
||
| 020 |
_c150.00 _a9788171427802 |
||
| 035 | _aB-396003-6007 | ||
| 037 | _bਨੇਸ਼ਨਲ ਬੁਕ ਸ਼ਾਪ | ||
| 040 |
_adpl _bpn |
||
| 082 | _a920 | ||
| 100 |
_aਅਲੀ ਰਾਜਪੁਰਾ _9619 |
||
| 245 |
_aਪੰਜਾਬੀ ਗਇਕੀ ਦੇ ਸੱਤ ਸਮੁੰਦਰ / _cਅਲੀ ਰਾਜਪੁਰਾ |
||
| 246 |
_aPunjabi gayaki de satt samunder _bby Ali Rajpura |
||
| 260 |
_aਚੰਡੀਗਡ਼ _bਲੋਕ ਗੀਤ ਪ੍ਰਕਾਸਨ _c2009 |
||
| 270 |
_aS.C.O-26-27, Sector-34, _bChandigarh _e160022 _k0172-5077427, 5077428 |
||
| 300 |
_a167ਪੰ. _c22 ਸੇਮੀ (ਸਜਿ਼ਲਦ) |
||
| 942 |
_2ddc _cPN _h920 _mਅਲੀਰਾ |
||
| 999 |
_c37675 _d37675 |
||